Topics in modern logic /

Guardado en:
Autor Principal: Makinson, David Clement.
Formato: Libro
Idioma:English
Publicado: London : Methuen, 1973.
Etiquetas: Agregar Etiqueta
Sin Etiquetas, Sea el primero en etiquetar este registro!
LEADER 00677cam a22002055a 4500
001 MAT.inmabb002352
008 731106s1973####enk######b####001#0#eng#d
005 20130312142554.0
245 1 0 |a Topics in modern logic /  |c D. C. Makinson. 
260 |a London :  |b Methuen,  |c 1973. 
300 |a 107 p. ;  |c 21 cm. 
504 |a "Guide to further reading": p. 99-104. 
500 |a "The material was originally used in courses at the American University of Beirut, Lebanon." 
510 4 |a MR,  |c 58 #27172 
020 |a 0416781004 (pbk.) 
020 |a 0416774407 
100 1 |a Makinson, David Clement. 
084 |a 03-01  |2 msc2000 
010 |a  73175469  
859 |h 03  |i M235  |p A-4027  |b BIB. MATEMATICA